|
|
|
|
| LEADER |
02628nam a2200673 i 4500 |
| 001 |
nkc20243595322 |
| 003 |
CZ PrNK |
| 005 |
20240604113038.0 |
| 007 |
ta |
| 008 |
240313s2024 xr f 001 0 cze |
| 015 |
|
|
|a cnb003595322
|
| 020 |
|
|
|a 978-80-246-5753-0
|q (brožováno)
|
| 035 |
|
|
|a (OCoLC)1438773576
|
| 040 |
|
|
|a BOA001
|b cze
|e rda
|
| 041 |
1 |
|
|a cze
|h ger
|
| 072 |
|
7 |
|a 101
|x Filozofie
|2 Konspekt
|9 5
|
| 080 |
|
|
|a 616.1/.9
|2 MRF
|
| 080 |
|
|
|a 616.89-008
|2 MRF
|
| 080 |
|
|
|a 616.89-008.441.44
|2 MRF
|
| 080 |
|
|
|a 342.761
|2 MRF
|
| 080 |
|
|
|a 316.728-021.465
|2 MRF
|
| 080 |
|
|
|a 101
|2 MRF
|
| 080 |
|
|
|a 165.745
|2 MRF
|
| 080 |
|
|
|a (048.8)
|2 MRF
|
| 100 |
1 |
|
|a Schmitz, Barbara,
|d 1968-
|7 mzk20241224883
|4 aut
|
| 240 |
1 |
0 |
|a Was ist ein lebenswertes Leben?.
|l Česky
|
| 245 |
1 |
0 |
|a Jaký život je hoden žití? :
|b filosofické a biografické přístupy /
|c Barbara Schmitzová ; přeložila Tereza Matějčková
|
| 250 |
|
|
|a První české vydání
|
| 264 |
|
1 |
|a Praha :
|b Univerzita Karlova, nakladatelství Karolinum,
|c 2024
|
| 300 |
|
|
|a 155 stran ;
|c 20 cm
|
| 336 |
|
|
|a text
|b txt
|2 rdacontent
|
| 337 |
|
|
|a bez média
|b n
|2 rdamedia
|
| 338 |
|
|
|a svazek
|b nc
|2 rdacarrier
|
| 490 |
1 |
|
|a Etika
|
| 500 |
|
|
|a Přeloženo z němčiny
|
| 504 |
|
|
|a Obsahuje bibliografii, bibliografické odkazy a rejstříky
|
| 650 |
0 |
7 |
|a zdravotní postižení
|7 ph325856
|x filozofické pojetí
|2 czenas
|
| 650 |
0 |
7 |
|a duševní poruchy
|7 ph119647
|x filozofické pojetí
|2 czenas
|
| 650 |
0 |
7 |
|a sebevraždy
|7 ph125453
|x filozofické pojetí
|2 czenas
|
| 650 |
0 |
7 |
|a právo na život
|7 ph124727
|x filozofické pojetí
|2 czenas
|
| 650 |
0 |
7 |
|a kvalita života
|7 ph198739
|x filozofické pojetí
|2 czenas
|
| 650 |
0 |
7 |
|a filozofie života
|7 ph120231
|2 czenas
|
| 650 |
0 |
9 |
|a health disabilities
|x philosophical approach
|2 eczenas
|
| 650 |
0 |
9 |
|a mental disorders
|x philosophical approach
|2 eczenas
|
| 650 |
0 |
9 |
|a suicides
|x philosophical approach
|2 eczenas
|
| 650 |
0 |
9 |
|a right to life
|x philosophical approach
|2 eczenas
|
| 650 |
0 |
9 |
|a quality of life
|x philosophical approach
|2 eczenas
|
| 650 |
0 |
9 |
|a philosophy of life
|2 eczenas
|
| 655 |
|
7 |
|a monografie
|7 fd132842
|2 czenas
|
| 655 |
|
9 |
|a monographs
|2 eczenas
|
| 700 |
1 |
|
|a Matějčková, Tereza,
|d 1984-
|7 hka2016898233
|4 trl
|
| 830 |
|
0 |
|a Etika (Karolinum)
|0 s
|
| 910 |
2 |
|
|a BOA001
|b 1-1523.685
|
| 928 |
9 |
|
|a Karolinum
|
| 990 |
|
|
|a BK
|
| 995 |
|
|
|a 01
|
| 991 |
|
|
|b 202405
|c NOV
|
| 996 |
6 |
|
|b 2610967865
|c 1-1523.685
|l MZK
|r Sklad / do 1 hodiny
|n 0
|p p.v.
|w 001962684
|u 000010
|a 1
|e BOA001
|j MZK50
|s P
|
| 996 |
7 |
|
|b 2610969367
|c 1-1523.685
|l MZK
|r Sklad / do 1 hodiny
|n 4
|p kup
|w 001962684
|u 000020
|a 1
|e BOA001
|j MZK50
|s A
|